000 00492cam a2200169 4500
001 D11808
008 090401t xxu||||| |||| 00| 0 eng d
035 _a(Sirsi) u99683
041 _aeng
050 _a306.11
100 _aWickham, R.
245 _aStrategies for the future of housing areas - rehabilitation or redevelopment: the net present method of appraisal
350 _a0
520 _aIn: RICS. Junior Organisation prize papers, 1973 1973/47A
942 _n0
948 _c04/03/1997
999 _c99442
_d99442